Statistics for Contrys former names#2

Click here to take the quiz!

General Stats

  • This quiz has been taken 19 times
  • The average score is 4 of 10

Answer Stats

Current nameAnswer% Correct
CongoZaire
95%
IndonesiaDutch East Indies
74%
GhanaGold Coast
63%
Equatorial GuineaSpanish Guinea
47%
EgyptUnited Arab Republic
32%
Guines BissauPortuguese Guinea
32%
ColombiaNew Granada
26%
Dominican RepublicSanto Domingo
21%
Central African RepublicCentral African Empire
16%
HaitiSaint Domingue
5%

Score Distribution

Percentile by Number Answered

Percent of People with Each Score

Your Score History

You have not taken this quiz